ESTRUCTURAS DE LA DOMINACION/

TRADUCCION DE: POATTERNS OF DOMINANCE

-д хадгалсан:
Номзүйн дэлгэрэнгүй
Үндсэн зохиолч: Mason, Philip (autor)
Формат: Ном
Нөхцлүүд:
Шошгууд: Шошго нэмэх
Шошго байхгүй, Энэхүү баримтыг шошголох эхний хүн болох!

MARC

LEADER 00000nam^a2200000^a^4500
001 000224684
005 20250521000000.0
009 20260310104058.9
035 |a 028576 
037 |a Acervo Xavier Clavigero 
082 |a 305. 8  |b MAS 
100 |a Mason, Philip  |e (autor) 
245 1 0 |a ESTRUCTURAS DE LA DOMINACION/  |c PHILIP MASON; TR. MONICA HANSON 
264 |a MEXICO :  |b FONDO DE CULTURA ECONOMICA,  |c 1975 
300 |a 469p. 2ej. 
336 |a texto  |b txt  |2 rdacontenido 
337 |a sin mediación  |b n  |2 rdamedio 
338 |a volumen  |b nc  |2 rdasoporte 
520 |a TRADUCCION DE: POATTERNS OF DOMINANCE 
649 |a XX 
650 |a Racismo 
650 |a Igualdad y Desigualdad 
910 |a Fondo General 
920 |a Impresos - Libros 
930 |a Colección General 
905 |a 101 
901 |a 028576  |b IT1  |c ACC  |i 028576  |u 20250521 
901 |a 043852  |b IT1  |c ACC  |i 043852  |u 20250521 
901 |a 047239  |b IT1  |c ACC  |i 047239  |u 20250521 
902 |a https://opac.biblio.iteso.mx/vufind/Record/000224684